| 000 | 00714nam a2200265Ia 4500 | ||
|---|---|---|---|
| 003 | OSt | ||
| 005 | 20220918223420.0 | ||
| 006 | a|||||r|||| 00| 0 | ||
| 007 | ta | ||
| 008 | 220917b |||||||| |||| 00| 0 eng d | ||
| 024 | _a222,324 | ||
| 037 | _cTextual | ||
| 040 |
_aARTS _cARTS _beng |
||
| 041 |
_2eng _aeng |
||
| 082 | _aP:(R), N9 | ||
| 100 | _aHale Bob Ed. | ||
| 245 | 0 | _aCompanion to the philosophy of language | |
| 260 |
_aU.S.A. _bBlackwell pub. _c2003 |
||
| 300 |
_axiii, 721p _ccm. |
||
| 500 | _aReprint of 1999 | ||
| 650 | _aLINGUISTICS | ||
| 700 |
_a Wright Crispin Ed. _923698 |
||
| 942 |
_hP:(R), N9 _cTEXL _2CC |
||
| 999 |
_c278353 _d278353 |
||